Partis nationalistes, autonomie et clans en corse /

Wedi'i Gadw mewn:
Manylion Llyfryddiaeth
Prif Awdur: Molas, Isidre
Fformat: Texto
Pynciau:
Tagiau: Ychwanegu Tag
Dim Tagiau, Byddwch y cyntaf i dagio'r cofnod hwn!

MARC

LEADER 00000 a a2200000 04500
001 1843
003
040
100 |a Molas, Isidre  
245 |a Partis nationalistes, autonomie et clans en corse /  |c Isidre Molas 
650 |a PARTIDOS POLITICOS  
650 |a NACIONALISMO  
650 |a FRANCIA  
773 |g número 4; páginas 5-41  
999 |c 21647  |d 21647